Movies Quiz

Random Movies or Pixar Quiz

Mis-Matched Disney/Pixar Characters Quiz Stats

 Plays Quiz Updated Nov 28, 2018

Support Sporcle.
Go Orange.
Score 0/35 Timer 05:00
7 Plays Today
% Correct
Captain James Lightyear
96%
Cruella Zurg
91.9%
Wreck-It Facilier
91.5%
Minnie Hood
89.8%
Jiminy Parr
86.1%
Lightning von Schweetz
85.5%
Mad McDuck
83.8%
Maid Duck
80.7%
Peter Boogie
80.1%
Tinker Smith
79.6%
Madam Wazowski
78.8%
Ichabod Robin
76%
Shere Boggs
72.7%
Snow Hathi
70.8%
Percival Cat
69.6%
Chicken Toad
68.9%
Jack Rabbit
67.4%
Wendy Moira Angela Yu
64.4%
% Correct
King Pete
61.5%
Panchito Tuck
60.5%
Fix-It McMissile
59.4%
Tiger Flea
59.4%
Mama Gothel
53.5%
Carl Hudson
53.2%
Judy Sullivan
50.3%
Prince Ratigan
48.9%
Alfredo Muntz
46.6%
March McQuack
45.4%
Queen O'Malley
41.6%
Henry J. Crophopper
41.4%
Chick Ego
35.1%
José John
34.2%
Olivia Tremaine
30.7%
Sergeant Carrera
23.7%
Jackson La Bouff
22.7%

You're not logged in!

Compare scores with friends on all Sporcle quizzes.
OR
Log In
Forgot?

From the Vault

Most Frequently Occurring Star Trek Races

by bluelicorice

“Keeping up with the Cardassians?”
Remove Ads.
Support Sporcle.
Get the best of Sporcle when you Go Orange. This ad-free experience offers more features, more stats, and more fun while also helping to support Sporcle. Thank you for becoming a member.

Show Comments

Extras

Top Quizzes Today


Score Distribution

Your Account Isn't Verified!

In order to create a playlist on Sporcle, you need to verify the email address you used during registration. Go to your Sporcle Settings to finish the process.

Report this User

Report this user for behavior that violates our Community Guidelines.

Details: